Fast quiz. Type numbers in Spanish from 1 to 31 - Statistics

General Stats
  • This quiz has been taken 496 times
  • The average score is 21 of 30
Answer Stats
Numero Answer % Correct
2 Dos
100%
3 Tres
100%
1 Uno
100%
5 Cinco
92%
9 Nueve
91%
8 Ocho
91%
6 Seis
91%
4 Cuatro
90%
7 Siete
90%
10 Diez
89%
11 Once
88%
12 Doce
87%
13 Trece
84%
14 Catorce
77%
15 Quince
74%
20 Veinte
64%
16 Dieciseis
61%
17 Diecisiete
60%
19 Diecinueve
58%
18 Dieciocho
57%
21 Veintiuno
51%
22 Veintidos
47%
23 Veintitres
45%
24 Veinticuatro
43%
25 Veinticinco
41%
26 Veintiseis
41%
27 Veintisiete
39%
28 Veintiocho
37%
30 Treinta
36%
29 Veintinueve
34%
No matching quizzes found
Score Distribution
Percent of People with Each Score
Percentile by Number Answered
Your Score History
You have not taken this quiz